| 000 | 00782nam a22002535a 4500 | ||
|---|---|---|---|
| 005 | 20161024134350.0 | ||
| 008 | 161018t2013 inua frbd 001 0 eng d | ||
| 020 | _a9781118612101 | ||
| 040 |
_aEG-ScBUE _beng _cEG-ScBUE _dEG-ScBUE |
||
| 082 | 0 | 4 |
_a004 _bSTE _222 |
| 100 | 1 | _aStephens, Rod. | |
| 245 | 1 | 0 |
_aEssential algorithms : _ba practical approach to computer algorithms / _cRod Stephens. |
| 250 | _a1st ed. | ||
| 260 |
_aIndianapolis : _bJohn Willey & son, Inc, _cc.2013. |
||
| 300 |
_axxii, 601 p. : _bill. ; _c24 cm. |
||
| 500 | _aIndex : p. 573-601. | ||
| 500 | _aIncludes glossary. | ||
| 504 | _aIncludes bibliographical references. | ||
| 590 | _ashima | ||
| 650 | 7 |
_aComputer algorithms. _2BUEsh |
|
| 651 | _2BUEsh | ||
| 653 |
_bCOMSCI _cOctober2016 |
||
| 942 | _2ddc | ||
| 999 |
_c22692 _d22664 |
||